[Event "Tata Steel Tienkamp 1"]
[Site "Wijk aan Zee NED"]
[Date "2016.01.22"]
[Round "1.1"]
[White "Van der Lende, Ilias"]
[Black "Hendriks, Willy"]
[Result "0-1"]
[WhiteTitle "FM"]
[BlackTitle "IM"]
[WhiteElo "2336"]
[BlackElo "2394"]
[WhiteFideId "1019260"]
[BlackFideId "1000713"]
[EventDate "2016.01.22"]

1. d4 Nf6 2. Nf3 d6 3. g3 g6 4. Bg2 Bg7 5. O-O O-O 6. c4 Nbd7 7. Nc3 e5 8. e4 c6
9. Re1 Qb6 10. h3 exd4 11. Nxd4 Ne5 12. Bf1 Qxd4 13. Qe2 Be6 14. Be3 Qxc4 15.
Qd1 Qb4 16. f4 Nc4 17. Bf2 Qxb2 18. Qd3 b5 19. a4 Ng4 20. hxg4 Qxc3 21. Qe2 Bd4
22. Bg2 Bxf2+ 23. Qxf2 Bxg4 24. e5 Rad8 25. Rac1 Qa3 26. Bxc6 dxe5 27. Rc2 Rd3
28. Kh2 Rfd8 0-1

[Event "Tata Steel Tienkamp 1"]
[Site "Wijk aan Zee NED"]
[Date "2016.01.22"]
[Round "1.2"]
[White "Dobrov, Vladimir"]
[Black "Guramishvili, Sopiko"]
[Result "1-0"]
[WhiteTitle "GM"]
[BlackTitle "IM"]
[WhiteElo "2518"]
[BlackElo "2374"]
[WhiteFideId "4136594"]
[BlackFideId "13602888"]
[EventDate "2016.01.22"]

1. d4 d5 2. c4 e6 3. Nf3 c6 4. Nbd2 f5 5. g3 Bd6 6. Bg2 Nd7 7. O-O Ngf6 8. b3
O-O 9. Bb2 b6 10. cxd5 cxd5 11. Ng5 Re8 12. Nc4 Bc7 13. Ba3 Ba6 14. Nd6 Re7 15.
Rc1 Nf8 16. Rc6 Rd7 17. Nxe6 Nxe6 18. Nxf5 Nf8 19. Qc2 Bb7 20. Be7 Qb8 21. Bxf6
gxf6 22. Rc1 Bxc6 23. Qxc6 Qd8 24. Bxd5+ Rxd5 25. Ne7+ Kf7 26. Nxd5 Bd6 27. Qb7+
Kg6 28. Ne3 Qe8 29. Qd5 Rd8 30. Qg8+ 1-0

[Event "Tata Steel Tienkamp 1"]
[Site "Wijk aan Zee NED"]
[Date "2016.01.22"]
[Round "1.3"]
[White "Pijpers, Arthur"]
[Black "De Ruiter, Danny"]
[Result "1/2-1/2"]
[WhiteTitle "IM"]
[BlackTitle "FM"]
[WhiteElo "2463"]
[BlackElo "2310"]
[WhiteFideId "1019554"]
[BlackFideId "1020650"]
[EventDate "2016.01.22"]

1. e4 c5 2. b4 cxb4 3. a3 bxa3 4. Nxa3 d6 5. d4 Nf6 6. Bd3 Nc6 7. c3 g6 8. Ne2
Bg7 9. O-O O-O 10. f4 d5 11. e5 Ne4 12. Bxe4 dxe4 13. Ng3 f6 14. Be3 b6 15. Nxe4
Na5 16. c4 Bb7 17. Nd2 Qd7 18. Qe2 Rac8 19. Rac1 Ba6 1/2-1/2

[Event "Tata Steel Tienkamp 1"]
[Site "Wijk aan Zee NED"]
[Date "2016.01.22"]
[Round "1.4"]
[White "Rudolf, Anna"]
[Black "Beukema, Stefan"]
[Result "1-0"]
[WhiteTitle "IM"]
[BlackTitle "FM"]
[WhiteElo "2332"]
[BlackElo "2357"]
[WhiteFideId "722855"]
[BlackFideId "1024523"]
[EventDate "2016.01.22"]

1. e4 e5 2. Nf3 Nc6 3. Bb5 a6 4. Ba4 Nf6 5. O-O Be7 6. d3 b5 7. Bb3 d6 8. a4 Bg4
9. c3 Na5 10. Bc2 c5 11. h3 Bd7 12. d4 Qc7 13. axb5 axb5 14. Be3 O-O 15. Nbd2
cxd4 16. cxd4 Nc4 17. Nxc4 bxc4 18. Qd2 Bc6 19. d5 Bb5 20. Qc3 Nd7 21. Nd2 Rfc8
22. Rfc1 Qb7 23. Rxa8 Qxa8 24. Bd3 f5 25. exf5 Nf6 26. Bxc4 Bxc4 27. Nxc4 Qxd5
28. Kh2 Qf7 29. Qd3 e4 30. Qd4 Rd8 31. Nb6 d5 32. Bf4 Nh5 33. Bc7 Bf6 34. Qd2
Re8 35. g4 e3 36. fxe3 Bg5 37. Nxd5 Nf6 38. Nxf6+ Qxf6 39. Rc3 h5 40. Qd7 Re7
41. Qd5+ Kh7 42. Bd8 Bxe3 43. Bxe7 Bf4+ 44. Kg2 Qxe7 45. Kf3 Bg5 46. f6 hxg4+
47. hxg4 gxf6 48. Qe4+ 1-0

[Event "Tata Steel Tienkamp 1"]
[Site "Wijk aan Zee NED"]
[Date "2016.01.22"]
[Round "1.5"]
[White "Brink, Barry"]
[Black "Hopman, Pieter"]
[Result "0-1"]
[BlackTitle "FM"]
[WhiteElo "2360"]
[BlackElo "2389"]
[WhiteFideId "1009451"]
[BlackFideId "1005669"]
[EventDate "2016.01.22"]

1. d4 d6 2. Nf3 g6 3. c4 Bg7 4. Nc3 Bg4 5. g3 Bxf3 6. exf3 e6 7. Bg2 Ne7 8. d5
exd5 9. cxd5 O-O 10. O-O c5 11. f4 Nf5 12. Bh3 Nd4 13. Be3 Na6 14. Rc1 Qb6 15.
b3 Qa5 16. a4 Nb4 17. f5 gxf5 18. Nb5 Qb6 19. Bxd4 cxd4 20. Bxf5 Rae8 21. Rc4
Nxd5 22. Bxh7+ Kxh7 23. Qh5+ Kg8 24. Qxd5 Re5 25. Qf3 Rc5 26. Rfc1 Rfc8 27. Qg4
Rxc4 28. bxc4 Rc6 29. Re1 Qd8 30. Nxd4 Rxc4 31. Re4 Qf6 32. Re8+ Kh7 33. Qh5+
Bh6 34. Nf5 Qg6 35. Qf3 Rf4 36. Qxb7 Rxf5 37. Qxa7 Qf6 38. Kg2 d5 39. Qc5 d4 40.
Qc2 Kg7 41. Re4 Rd5 42. Rg4+ Kh8 43. Qe4 Rd8 44. Qd3 Bg7 45. a5 Qc6+ 46. f3 Qc3
47. Qf5 Qc7 48. Qg5 f5 49. Qxf5 d3 50. Rh4+ Kg8 51. Qh7+ Kf8 52. Rh5 Qf7 53. Rf5
d2 54. Qh5 Bf6 55. Qh6+ Ke7 56. Qe3+ Qe6 57. Qc5+ Kf7 0-1

[Event "Tata Steel Tienkamp 1"]
[Site "Wijk aan Zee NED"]
[Date "2016.01.23"]
[Round "2.2"]
[White "Hopman, Pieter"]
[Black "De Ruiter, Danny"]
[Result "1/2-1/2"]
[WhiteTitle "FM"]
[BlackTitle "FM"]
[WhiteElo "2389"]
[BlackElo "2310"]
[WhiteFideId "1005669"]
[BlackFideId "1020650"]
[EventDate "2016.01.22"]

1. g3 Nf6 2. Bg2 g6 3. f4 Bg7 4. Nf3 O-O 5. O-O d6 6. d3 c6 7. e4 Qb6+ 8. Kh1
Na6 9. Nc3 Nc5 10. h3 Nh5 11. Kh2 Ne6 12. Ne2 f5 13. Nh4 Nc5 14. exf5 gxf5 15.
c3 Bf6 16. Nd4 Ng7 17. b4 Na6 18. Be3 Qd8 19. Ndf3 Nc7 20. Bd4 Nd5 21. Qb3 Be6
22. c4 Bxd4 23. Nxd4 Ne3 24. Rfe1 Nxg2 25. Kxg2 Bd7 26. c5+ Kh8 27. Re3 e5 28.
Ndf3 exf4 29. gxf4 Qf6 30. Rae1 Nh5 31. Kh2 Nxf4 32. cxd6 Nd5 1/2-1/2

[Event "Tata Steel Tienkamp 1"]
[Site "Wijk aan Zee NED"]
[Date "2016.01.23"]
[Round "2.3"]
[White "Guramishvili, Sopiko"]
[Black "Van der Lende, Ilias"]
[Result "1-0"]
[WhiteTitle "IM"]
[BlackTitle "FM"]
[WhiteElo "2374"]
[BlackElo "2336"]
[WhiteFideId "13602888"]
[BlackFideId "1019260"]
[EventDate "2016.01.22"]

1. c4 e6 2. Nc3 d5 3. d4 c6 4. e4 Bb4 5. cxd5 cxd5 6. e5 Nc6 7. Nf3 f6 8. exf6
Nxf6 9. Bd3 O-O 10. O-O Qe7 11. Re1 Bd7 12. Bf4 Rae8 13. Bg3 g6 14. Rc1 Bd6 15.
Ne5 Bxe5 16. Bxe5 Nxe5 17. dxe5 Nh5 18. g3 Qc5 19. Rc2 Qb6 20. Qg4 Re7 21. Nd1
Qa5 22. b4 Qb6 23. a3 Ba4 24. Rc5 Bxd1 25. Rxd1 Ref7 26. Rd2 a5 27. Rdc2 Rf3 28.
Rb5 Qa6 29. Bf1 axb4 30. Rxb4 Qa7 31. Qxe6+ R8f7 32. Rbb2 Qxa3 33. Qxd5 Qe7 34.
Rc8+ Kg7 35. e6 R3f5 36. Qd4+ R5f6 37. Bc4 Kh6 38. Qd2+ g5 39. Qd7 Qa3 40. Rxb7 1-0

[Event "Tata Steel Tienkamp 1"]
[Site "Wijk aan Zee NED"]
[Date "2016.01.23"]
[Round "2.4"]
[White "Brink, Barry"]
[Black "Dobrov, Vladimir"]
[Result "1/2-1/2"]
[BlackTitle "GM"]
[WhiteElo "2360"]
[BlackElo "2518"]
[WhiteFideId "1009451"]
[BlackFideId "4136594"]
[EventDate "2016.01.22"]

1. d4 Nf6 2. Nf3 d5 3. c4 dxc4 4. e3 e6 5. Bxc4 c5 6. O-O a6 7. dxc5 Bxc5 8.
Qxd8+ Kxd8 9. b3 Ke7 10. Bb2 Rd8 11. Be2 Nc6 12. Rc1 Ba7 13. Nbd2 Nd5 14. Ne4 f6
15. Ba3+ Ncb4 16. Nc5 a5 17. Nd4 e5 18. Nb5 Bxc5 19. Rxc5 b6 20. Rxd5 Rxd5 21.
Nc7 Bb7 22. Nxd5+ Bxd5 23. Rd1 Be6 24. Kf1 Rc8 25. Ke1 Rc5 26. Bxb4 axb4 27. Rd2
g5 28. Kd1 Bf5 29. Bd3 Bxd3 30. Rxd3 f5 31. Rd2 h5 32. Rc2 e4 33. Rd2 Ra5 34.
Ke1 h4 35. h3 Ke6 36. Rd4 Rxa2 37. Rxb4 Ra6 38. Rb5 Kf6 39. f3 Ra1+ 1/2-1/2

[Event "Tata Steel Tienkamp 1"]
[Site "Wijk aan Zee NED"]
[Date "2016.01.23"]
[Round "2.5"]
[White "Beukema, Stefan"]
[Black "Pijpers, Arthur"]
[Result "1/2-1/2"]
[WhiteTitle "FM"]
[BlackTitle "IM"]
[WhiteElo "2357"]
[BlackElo "2463"]
[WhiteFideId "1024523"]
[BlackFideId "1019554"]
[EventDate "2016.01.22"]

1. e4 c5 2. Nf3 d6 3. d4 cxd4 4. Nxd4 Nf6 5. Nc3 Nc6 6. Be2 g6 7. Be3 Bg7 8. O-O
O-O 9. Nb3 Be6 10. f4 Qc8 11. h3 Rd8 12. Nd4 Nxd4 13. Bxd4 Bc4 14. Bxc4 Qxc4 15.
Qd3 Rac8 16. Rad1 a6 17. Rf2 Qxd3 18. Rxd3 Rc4 19. Rfd2 Nh5 20. Bxg7 Kxg7 21. g3
Rdc8 22. Kf2 b5 23. Kf3 Kf8 24. a3 Ng7 25. e5 Ne8 26. Rd4 f6 27. Rxc4 Rxc4 28.
Nd5 dxe5 29. fxe5 fxe5 30. Nb6 Rc7 31. Nd7+ Kg7 32. Nxe5 Nd6 33. Nd3 Nc4 34. Re2
e5 35. c3 Kf6 36. Nb4 Rd7 37. Nxa6 Rd3+ 38. Kf2 Kf5 39. Nc5 Rd5 40. Ne4 Nxb2 41.
Rxb2 1/2-1/2

[Event "Tata Steel Tienkamp 1"]
[Site "Wijk aan Zee NED"]
[Date "2016.01.24"]
[Round "3.1"]
[White "Rudolf, Anna"]
[Black "Guramishvili, Sopiko"]
[Result "1/2-1/2"]
[WhiteTitle "IM"]
[BlackTitle "IM"]
[WhiteElo "2332"]
[BlackElo "2374"]
[WhiteFideId "722855"]
[BlackFideId "13602888"]
[EventDate "2016.01.22"]

1. c4 c6 2. Nf3 d5 3. b3 Nf6 4. Bb2 e6 5. g3 Be7 6. Bg2 O-O 7. O-O b6 8. d3 Bb7
9. Nbd2 c5 10. e3 Nc6 11. a3 dxc4 12. dxc4 Qc7 13. Qc2 Rfd8 14. Rfd1 Rd7 15. Nf1 1/2-1/2

[Event "Tata Steel Tienkamp 1"]
[Site "Wijk aan Zee NED"]
[Date "2016.01.24"]
[Round "3.2"]
[White "Dobrov, Vladimir"]
[Black "Hopman, Pieter"]
[Result "1-0"]
[WhiteTitle "GM"]
[BlackTitle "FM"]
[WhiteElo "2518"]
[BlackElo "2389"]
[WhiteFideId "4136594"]
[BlackFideId "1005669"]
[EventDate "2016.01.22"]

1. d4 d6 2. Nf3 g6 3. c3 Bg7 4. Bg5 h6 5. Bh4 Nf6 6. Nbd2 g5 7. Bg3 Nh5 8. e3
Nxg3 9. hxg3 e6 10. Bd3 Nd7 11. Qe2 a6 12. g4 Nf6 13. Nh2 Bd7 14. Nhf1 Bc6 15.
Rh2 Qe7 16. Ng3 Rf8 17. a4 a5 18. Bb5 Nd5 19. Bxc6+ bxc6 20. Nh5 Bh8 21. e4 Nb6
22. Ng3 Bg7 23. Qd3 Qd7 24. Qc2 Qc8 25. e5 Qb7 26. Qh7 Bh8 27. exd6 cxd6 28.
Nge4 O-O-O 29. Qxh6 f6 1-0

[Event "Tata Steel Tienkamp 1"]
[Site "Wijk aan Zee NED"]
[Date "2016.01.24"]
[Round "3.3"]
[White "Pijpers, Arthur"]
[Black "Hendriks, Willy"]
[Result "1-0"]
[WhiteTitle "IM"]
[BlackTitle "IM"]
[WhiteElo "2463"]
[BlackElo "2394"]
[WhiteFideId "1019554"]
[BlackFideId "1000713"]
[EventDate "2016.01.22"]

1. e4 c5 2. Nc3 e6 3. Nf3 a6 4. d4 cxd4 5. Nxd4 Qc7 6. Bd3 Nf6 7. O-O Bd6 8. Kh1
Nc6 9. Nxc6 dxc6 10. f4 e5 11. f5 b5 12. Qe1 Bb7 13. a4 Rd8 14. Qg3 Kf8 15. Bg5
h6 16. Bxf6 gxf6 17. Qh4 Ke7 18. axb5 axb5 19. Qf2 Ra8 20. Rxa8 Rxa8 21. Qe3 Rh8
22. Ra1 h5 23. h4 Ra8 24. Rxa8 Bxa8 25. Be2 Qa5 26. Bxh5 b4 27. Nd1 b3 28. cxb3
Bc5 29. Qc3 Qa7 30. Qc4 Kf8 31. Bxf7 Bd4 32. Bh5 c5 33. Qe6 Kg7 34. Be8 Bxe4 35.
Bd7 1-0

[Event "Tata Steel Tienkamp 1"]
[Site "Wijk aan Zee NED"]
[Date "2016.01.24"]
[Round "3.4"]
[White "De Ruiter, Danny"]
[Black "Beukema, Stefan"]
[Result "0-1"]
[WhiteTitle "FM"]
[BlackTitle "FM"]
[WhiteElo "2310"]
[BlackElo "2357"]
[WhiteFideId "1020650"]
[BlackFideId "1024523"]
[EventDate "2016.01.22"]

1. d4 f5 2. g3 Nf6 3. Bg2 g6 4. Nf3 Bg7 5. O-O O-O 6. b3 d6 7. Bb2 Qe8 8. c4 Na6
9. Nbd2 c5 10. e3 Nh5 11. Qe2 e5 12. dxe5 dxe5 13. Nb1 e4 14. Ne1 Bd7 15. Bxg7
Kxg7 16. Nc3 Nf6 17. Rd1 Bc6 18. Nc2 Nc7 19. Qd2 Ng4 20. b4 b6 21. bxc5 bxc5 22.
Na3 Ne5 23. Qd6 Na6 24. Nd5 Rf7 25. Nf4 Rf6 26. Qd2 Nb4 27. Qc3 Nbd3 28. Rb1 Rd8
29. Rfd1 Rfd6 30. Nd5 Kh6 31. h4 Bxd5 32. cxd5 Rxd5 33. Rf1 Qc6 34. Nc4 Nxc4 35.
Qxc4 Ne5 36. Qc3 Qd6 37. Rb7 c4 38. Rxa7 Rd3 39. Qc1 Qc5 40. Rb7 c3 41. Qc2 Rd2
42. Qb3 Rb2 0-1

[Event "Tata Steel Tienkamp 1"]
[Site "Wijk aan Zee NED"]
[Date "2016.01.24"]
[Round "3.5"]
[White "Van der Lende, Ilias"]
[Black "Brink, Barry"]
[Result "1-0"]
[WhiteTitle "FM"]
[WhiteElo "2336"]
[BlackElo "2360"]
[WhiteFideId "1019260"]
[BlackFideId "1009451"]
[EventDate "2016.01.22"]

1. e4 c5 2. Nf3 e6 3. c3 Nf6 4. e5 Nd5 5. d4 cxd4 6. cxd4 d6 7. Bd3 Nb4 8. O-O
Nxd3 9. Qxd3 dxe5 10. Nxe5 Be7 11. Nc3 O-O 12. Bf4 Na6 13. a3 Nc7 14. Rac1 Nd5
15. Bg3 h5 16. h3 h4 17. Bh2 Bg5 18. Rc2 Nxc3 19. Rxc3 b6 20. Qe4 Ba6 21. Rd1
Rc8 22. Nc6 Qd7 23. d5 exd5 24. Rxd5 Rfe8 25. Be5 Qe6 26. Nd4 Qh6 27. Nf5 Qg6
28. Qg4 Rxc3 29. Bxc3 Be2 30. f3 Rd8 31. Rxd8+ Bxd8 32. Qe4 Bf6 33. Bxf6 Qxf6
34. Nxh4 Qxb2 35. Nf5 Bb5 36. Ne7+ Kf8 37. a4 Qa1+ 38. Kh2 Qxa4 39. Qe5 Bd7 40.
Qd6 g6 41. Nxg6+ Kg7 42. Nf4 Qb5 43. g4 Kg8 44. Qf6 Bc6 45. Kg3 Qc5 46. h4 b5
47. h5 Be8 48. h6 Qf8 49. Ne6 1-0

[Event "Tata Steel Tienkamp 1"]
[Site "Wijk aan Zee NED"]
[Date "2016.01.25"]
[Round "4.1"]
[White "Hendriks, Willy"]
[Black "De Ruiter, Danny"]
[Result "1/2-1/2"]
[WhiteTitle "IM"]
[BlackTitle "FM"]
[WhiteElo "2394"]
[BlackElo "2310"]
[WhiteFideId "1000713"]
[BlackFideId "1020650"]
[EventDate "2016.01.22"]

1. d4 Nf6 2. Bg5 d5 3. e3 c6 4. Bd3 Bg4 5. Ne2 Nbd7 6. h3 Bh5 7. f4 e6 8. Nd2
Be7 9. O-O Bg6 10. Nf3 c5 11. Ne5 Bxd3 12. cxd3 cxd4 13. Nxd4 O-O 14. Rc1 Nxe5
15. fxe5 Nd7 16. Bxe7 Qxe7 17. Nf3 Nc5 18. Rc3 b6 19. b4 Na6 20. a3 Nc7 21. Qc1
Ne8 22. Rc6 f6 23. Qc3 Rf7 24. Rc1 Rd8 25. Qd4 fxe5 26. Qxe5 Rd6 27. Rxd6 Qxd6
28. Rc8 Qd7 29. Qb8 Rf8 30. Ne5 Qd6 31. Qxd6 Nxd6 32. Rc6 Nf5 33. Rxe6 Nxe3 34.
Nf3 Nc2 1/2-1/2

[Event "Tata Steel Tienkamp 1"]
[Site "Wijk aan Zee NED"]
[Date "2016.01.25"]
[Round "4.2"]
[White "Guramishvili, Sopiko"]
[Black "Pijpers, Arthur"]
[Result "1-0"]
[WhiteTitle "IM"]
[BlackTitle "IM"]
[WhiteElo "2374"]
[BlackElo "2463"]
[WhiteFideId "13602888"]
[BlackFideId "1019554"]
[EventDate "2016.01.22"]

1. c4 c6 2. Nf3 d5 3. e3 Nf6 4. Nc3 e6 5. b3 Bd6 6. Bb2 O-O 7. Be2 e5 8. cxd5
cxd5 9. Nb5 e4 10. Nfd4 Be5 11. Ne6 fxe6 12. Bxe5 Nc6 13. Bc7 Qd7 14. Bg3 e5 15.
d4 exd3 16. Bxd3 Kh8 17. O-O a6 18. Nc3 b5 19. e4 d4 20. Nd5 Qg4 21. Rc1 Qxd1
22. Rfxd1 Bb7 23. Nc7 Rac8 24. Ne6 Rfe8 25. Nc5 Nb4 26. Bb1 d3 27. a3 Nc2 28.
Nxb7 Nxe4 29. Rxd3 Nxa3 30. Re1 Nc3 31. Nd6 Ncxb1 32. Nxc8 Rxc8 33. Bxe5 1-0

[Event "Tata Steel Tienkamp 1"]
[Site "Wijk aan Zee NED"]
[Date "2016.01.25"]
[Round "4.3"]
[White "Dobrov, Vladimir"]
[Black "Van der Lende, Ilias"]
[Result "1-0"]
[WhiteTitle "GM"]
[BlackTitle "FM"]
[WhiteElo "2518"]
[BlackElo "2336"]
[WhiteFideId "4136594"]
[BlackFideId "1019260"]
[EventDate "2016.01.22"]

1. Nf3 d5 2. d4 Nf6 3. c4 c6 4. Nc3 a6 5. c5 Nbd7 6. Bf4 Nh5 7. Qd2 Nxf4 8. Qxf4
e6 9. e4 Be7 10. Bd3 O-O 11. exd5 exd5 12. O-O Re8 13. Rfe1 Nf8 14. Na4 Be6 15.
h4 Qb8 16. Qd2 Qc7 17. g3 Bf6 18. Nb6 Rad8 19. Kg2 Re7 20. Ne5 Rde8 21. f4 Bxe5
22. fxe5 Nd7 23. Nxd7 Qxd7 24. Qc2 g6 25. Kh2 Bf5 26. Bxf5 Qxf5 27. Qg2 Qg4 28.
Qf2 Re6 29. Qf4 Qxf4 30. gxf4 f6 31. Re3 Kf7 32. Rb3 R6e7 33. Re1 f5 34. h5 Rg8
35. Rg1 Ke6 36. Rh3 Reg7 37. Rhg3 Kf7 38. h6 1-0

[Event "Tata Steel Tienkamp 1"]
[Site "Wijk aan Zee NED"]
[Date "2016.01.25"]
[Round "4.4"]
[White "Hopman, Pieter"]
[Black "Beukema, Stefan"]
[Result "0-1"]
[WhiteTitle "FM"]
[BlackTitle "FM"]
[WhiteElo "2389"]
[BlackElo "2357"]
[WhiteFideId "1005669"]
[BlackFideId "1024523"]
[EventDate "2016.01.22"]

1. g3 f5 2. Bg2 Nf6 3. c4 g6 4. Nc3 Bg7 5. e3 O-O 6. Nge2 d6 7. O-O e5 8. d3 a5
9. a3 c6 10. Rb1 Be6 11. b4 axb4 12. axb4 d5 13. cxd5 cxd5 14. Qb3 Bf7 15. d4 e4
16. Ba3 Nbd7 17. b5 Re8 18. Na4 g5 19. Rfc1 Bh5 20. Nec3 f4 21. b6 Bf7 22. Nb5
Nxb6 23. Nxb6 Qxb6 24. Nc7 Qxb3 25. Rxb3 fxe3 26. fxe3 Ng4 27. Bc5 Ra2 28. Nxe8
Bxe8 29. Bh3 Nxh2 30. Bg2 Nf3+ 31. Bxf3 exf3 32. Rxb7 Bg6 33. Rb8+ Kf7 34. Rb7+
Kf6 35. Be7+ Kf5 36. Bd6 Kg4 37. Rf1 Rg2+ 38. Kh1 Bf6 39. Rb8 Be4 40. Re8 Kh3
41. Rxe4 dxe4 42. Be5 Bxe5 43. dxe5 f2 0-1

[Event "Tata Steel Tienkamp 1"]
[Site "Wijk aan Zee NED"]
[Date "2016.01.25"]
[Round "4.5"]
[White "Brink, Barry"]
[Black "Rudolf, Anna"]
[Result "1-0"]
[BlackTitle "IM"]
[WhiteElo "2360"]
[BlackElo "2332"]
[WhiteFideId "1009451"]
[BlackFideId "722855"]
[EventDate "2016.01.22"]

1. d4 d5 2. c4 e6 3. Nc3 Be7 4. Nf3 Nf6 5. cxd5 exd5 6. Bg5 c6 7. Qc2 g6 8. e3
Bf5 9. Bd3 Bxd3 10. Qxd3 Nbd7 11. O-O O-O 12. Rfc1 Re8 13. Rab1 a5 14. Na4 Ne4
15. Bxe7 Qxe7 16. Nd2 f5 17. Rc2 Qb4 18. b3 Re6 19. Nxe4 Rxe4 20. g3 Re7 21. Qc3
Qd6 22. Nc5 Nxc5 23. dxc5 Qe5 24. Qd2 Qg7 25. Rc3 Re4 26. Rd3 h5 27. Rd4 h4 28.
f3 Rxd4 29. Qxd4 Qxd4 30. exd4 hxg3 31. hxg3 Kf7 32. Re1 Rh8 33. Re2 Kf6 34. Kg2
Kf7 35. Re5 Rh5 36. Re2 Rh8 37. Rb2 Re8 38. Kf2 Rh8 39. Kg2 Re8 40. Kf2 Rh8 41.
Ke3 Rh3 42. b4 a4 43. b5 Rxg3 44. bxc6 bxc6 45. Kf4 Rg1 46. Rb6 Rd1 47. Rxc6
Rxd4+ 48. Ke5 Rd2 49. Rc7+ Ke8 50. Kd6 d4 51. Re7+ Kf8 52. c6 Rc2 53. Re5 d3 54.
Kd7 Re2 55. c7 Rxe5 56. c8=Q+ Kf7 57. Qc4+ Kf6 58. Qd4 d2 59. f4 1-0

[Event "Tata Steel Tienkamp 1"]
[Site "Wijk aan Zee NED"]
[Date "2016.01.26"]
[Round "5.1"]
[White "Beukema, Stefan"]
[Black "Hendriks, Willy"]
[Result "0-1"]
[WhiteTitle "FM"]
[BlackTitle "IM"]
[WhiteElo "2357"]
[BlackElo "2394"]
[WhiteFideId "1024523"]
[BlackFideId "1000713"]
[EventDate "2016.01.22"]

1. f4 g6 2. Nf3 Bg7 3. g3 d6 4. Bg2 e5 5. fxe5 dxe5 6. Nc3 Nc6 7. d3 Nf6 8. O-O
h6 9. e4 Bg4 10. Be3 Qd7 11. Qd2 Be6 12. d4 exd4 13. Nxd4 O-O-O 14. e5 Nxe5 15.
Ncb5 Bd5 16. Qa5 Bxg2 17. Nxa7+ Kb8 18. Nab5 Nc6 19. Nxc6+ Qxc6 20. Ba7+ Kc8 21.
Bd4 Rxd4 22. Nxd4 Qd5 23. Qa8+ Kd7 24. Qa4+ b5 25. Nxb5 Bxf1 26. Rxf1 Ra8 27.
Nc3+ Rxa4 28. Nxd5 Nxd5 29. Rxf7+ Ne7 30. Rxg7 Rxa2 31. Rf7 Rxb2 32. Rf2 Nf5 33.
Rd2+ Ke6 34. g4 Nd6 35. Kg2 c5 36. Kf3 Rb4 37. Re2+ Kf6 38. h3 Rc4 39. Rd2 Rc3+
40. Kf4 g5# 0-1

[Event "Tata Steel Tienkamp 1"]
[Site "Wijk aan Zee NED"]
[Date "2016.01.26"]
[Round "5.2"]
[White "Pijpers, Arthur"]
[Black "Brink, Barry"]
[Result "1-0"]
[WhiteTitle "IM"]
[WhiteElo "2463"]
[BlackElo "2360"]
[WhiteFideId "1019554"]
[BlackFideId "1009451"]
[EventDate "2016.01.22"]

1. e4 c5 2. Nc3 e6 3. Nf3 Nc6 4. d4 cxd4 5. Nxd4 Qc7 6. Be3 Nf6 7. f4 d6 8. Qf3
Be7 9. O-O-O a6 10. g4 Nxd4 11. Bxd4 O-O 12. g5 Nd7 13. Qh5 d5 14. e5 g6 15. Qf3
b5 16. h4 b4 17. Ne2 Bb7 18. Ng3 Rfc8 19. Bd3 Bc5 20. Ne2 Qb6 21. Qe3 b3 22.
axb3 a5 23. h5 Nf8 24. Bxc5 Rxc5 25. Qd4 Rac8 26. Nc3 Qc6 27. Rh2 Ba6 28. Na4
Bxd3 29. Qxc5 Qe8 30. Qxa5 Bf5 31. h6 Nd7 32. Nc3 Nc5 33. Rd4 Qc6 34. Rb4 Ra8
35. Qb6 Qc8 36. Rb5 Ra1+ 37. Kd2 Nd7 38. Qb7 Qd8 39. Qxd7 1-0

[Event "Tata Steel Tienkamp 1"]
[Site "Wijk aan Zee NED"]
[Date "2016.01.26"]
[Round "5.3"]
[White "Van der Lende, Ilias"]
[Black "Hopman, Pieter"]
[Result "1-0"]
[WhiteTitle "FM"]
[BlackTitle "FM"]
[WhiteElo "2336"]
[BlackElo "2389"]
[WhiteFideId "1019260"]
[BlackFideId "1005669"]
[EventDate "2016.01.22"]

1. e4 d6 2. d4 Nf6 3. Nc3 e5 4. Nf3 Nbd7 5. Bc4 Be7 6. O-O a6 7. a4 b6 8. Qe2 c6
9. Bxf7+ Kxf7 10. Ng5+ Kg6 11. f4 exf4 12. Ne6 Qg8 13. Nxf4+ Kf7 14. Qc4+ Ke8
15. Qxc6 Rb8 16. d5 Kd8 17. Ne6+ Qxe6 18. dxe6 Ne5 19. Qd5 Nxd5 20. exd5 Bb7 21.
Bf4 Nc4 22. b3 g5 23. bxc4 gxf4 24. Rxf4 Rf8 25. Rxf8+ Bxf8 26. Rf1 Be7 27. Rf4
b5 28. axb5 axb5 29. Rg4 Ba6 30. Rg8+ Kc7 31. Nxb5+ Bxb5 32. Rxb8 Bxc4 33. Re8
Bg5 34. Rg8 h6 35. h4 Be7 36. Rg6 Bxd5 37. Rxh6 Be4 38. c4 Bd3 39. h5 Bg5 40.
Rh8 Bxc4 41. h6 Bxe6 42. h7 Bf5 43. Rc8+ Bxc8 44. h8=Q Be3+ 45. Kf1 Bc5 46. Qg7+
Kc6 47. g4 Kd5 48. Qg5+ Ke4 49. Qe7+ Kd3 50. Qe8 1-0

[Event "Tata Steel Tienkamp 1"]
[Site "Wijk aan Zee NED"]
[Date "2016.01.26"]
[Round "5.4"]
[White "De Ruiter, Danny"]
[Black "Guramishvili, Sopiko"]
[Result "1/2-1/2"]
[WhiteTitle "FM"]
[BlackTitle "IM"]
[WhiteElo "2310"]
[BlackElo "2374"]
[WhiteFideId "1020650"]
[BlackFideId "13602888"]
[EventDate "2016.01.22"]

1. Nf3 d5 2. c4 d4 3. g3 Nc6 4. Bg2 e5 5. d3 Nf6 6. O-O Be7 7. Na3 Nd7 8. Nc2 a5
9. e3 Nc5 10. Nxe5 Nxe5 11. exd4 Nexd3 12. dxc5 c6 13. Be3 Be6 14. Nd4 Nxc5 15.
Nxe6 Nxe6 16. Qb3 Qc8 17. Rfd1 O-O 18. Bh3 Bf6 19. Rd2 a4 20. Qa3 Rd8 21. Rad1
Rxd2 22. Rxd2 Qe8 23. Qb4 b5 24. cxb5 cxb5 25. Bf1 Rb8 26. Qe4 b4 27. b3 a3 28.
Bc4 Ng5 29. Qxe8+ Rxe8 30. Rd7 h6 31. Kf1 Rc8 32. Rb7 Ne4 33. Rxb4 Nc3 34. Rb7
Nxa2 35. Ra7 Bb2 36. Bxf7+ Kh8 37. Be6 Re8 38. Bf7 Rc8 39. Be6 Re8 40. Bf7 Rc8
41. Be6 1/2-1/2

[Event "Tata Steel Tienkamp 1"]
[Site "Wijk aan Zee NED"]
[Date "2016.01.26"]
[Round "5.5"]
[White "Rudolf, Anna"]
[Black "Dobrov, Vladimir"]
[Result "0-1"]
[WhiteTitle "IM"]
[BlackTitle "GM"]
[WhiteElo "2332"]
[BlackElo "2518"]
[WhiteFideId "722855"]
[BlackFideId "4136594"]
[EventDate "2016.01.22"]

1. e4 c5 2. c3 Nf6 3. e5 Nd5 4. d4 cxd4 5. Nf3 d6 6. cxd4 Nc6 7. Bc4 dxe5 8.
dxe5 Ndb4 9. Qb3 e6 10. O-O Na5 11. Qa4+ Bd7 12. Bb5 Bxb5 13. Qxb5+ Nac6 14. Nc3
a6 15. Qa4 Be7 16. a3 b5 17. Qd1 Nd3 18. Qe2 Nxc1 19. Raxc1 Qb6 20. Rfd1 O-O 21.
Rd7 Rfd8 22. Rcd1 Rxd7 23. Rxd7 Rd8 24. Qd3 h6 25. h3 Nb8 26. Rxd8+ Qxd8 27. Qe4
Qc7 28. Qa8 Kh7 29. Qe4+ g6 30. h4 Kg7 31. g3 Bxa3 32. Nxb5 Qc1+ 33. Kg2 Bc5 34.
Nbd4 Qxb2 35. Qf4 Nd7 36. h5 Bxd4 37. Nxd4 Qb7+ 38. Kh2 g5 39. Qe3 Qd5 40. f4 a5
41. Nf3 g4 42. Nh4 a4 43. Qa3 Nc5 44. Qb4 Ne4 45. Ng6 Qd2+ 0-1